Repetita iuvant?: sulle ridondanze nel Diritto
Guardat en:
| Autor principal: | |
|---|---|
| Format: | Llibre |
| Idioma: | italià |
| Publicat: |
Milán
A. Giuffrè
2016
|
| Edició: | 1a. ed |
| Col·lecció: | Quaderni di Filosofia analitica del Diritto, 13
|
| Matèries: | |
| Etiquetes: |
Afegir etiqueta
Sense etiquetes, Sigues el primer a etiquetar aquest registre!
|
MARC
| LEADER | 00000cam a2200000 a 4500 | ||
|---|---|---|---|
| 001 | UCC1439 | ||
| 003 | CL-VaPUC | ||
| 008 | 171025e20160000it |||||||||||||||||ita|d | ||
| 020 | |a 97888142122499 | ||
| 082 | 0 | 4 | |a 340.1 |b ZOR |2 21 |
| 100 | 0 | |a Zorzetto, Silvia |e author |9 595529 | |
| 245 | 1 | 0 | |a Repetita iuvant?: sulle ridondanze nel Diritto |
| 250 | |a 1a. ed | ||
| 300 | |a 163 p | ||
| 942 | |c BK | ||
| 945 | |d 20171025 21:08:00 |a dcastane | ||
| 260 | |a Milán |b A. Giuffrè |c 2016 | ||
| 650 | 0 | |a Teoría del derecho |9 255982 | |
| 650 | 0 | |a Filosofía del derecho |9 255050 | |
| 583 | |a last modification |c 20190801 07:40:35 |k Rodrigo Vera | ||
| 490 | 0 | |a Quaderni di Filosofia analitica del Diritto, 13 | |
| 999 | |c 369943 |d 369941 | ||
| 952 | |0 0 |1 0 |3 erb |4 0 |6 340_100000000000000_ZOR_2016 |7 0 |8 A |9 486127 |a BIBDER |b BIBDER |i 5432979 |o 340.1 ZOR 2016 |p 5432979 |r 2023-01-25 |w 2019-11-24 |y BK |z Catalogado en:20171025 |k DER | ||